LEADER 00808cam0 22002413 450 001 SOB007285 005 20211122115215.0 100 $a20040211d1968 |||||ita|0103 ba 101 $aeng 102 $aUS 200 1 $aThe New Science$fof Giambattista Vico$gRevised Translation of the third ed. T. Goddard Bergin$gand M.H. Fisch 210 $aIthaca$cCornell University Press$d1968 215 $aXIV, 441 p.$d22 cm 700 1$aVico$b, Giambattista$3AF00006785$4070$0151876 801 0$aIT$bUNISOB$c20211122$gRICA 850 $aUNISOB 852 $aUNISOB$j100$m9904 912 $aSOB007285 940 $aM 102 Monografia moderna SBN 941 $aM 957 $a100$b001466$gRIS$d9904$1beth$2UNISOB$3UNISOB$420100910102614.0$520151217133245.0$6catenacci 996 $aThe New Science$91677577 997 $aUNISOB